Standing stronger Building on achievements Progressing towards equality Strategic Plan 2011-2013

সংরক্ষণ করুন:
গ্রন্থ-পঞ্জীর বিবরন
সংস্থা লেখক: ILGA Europe
বিন্যাস: গ্রন্থ
ভাষা:ইংরেজি
প্রকাশিত: Bruxelles ILGA Europe 2010
ট্যাগগুলো: ট্যাগ যুক্ত করুন
কোনো ট্যাগ নেই, প্রথমজন হিসাবে ট্যাগ করুন!

MARC

LEADER 00000nam a2200000 4500
005 20240529180236.0
008 240529b |||||||| |||| 00| 0 eng d
040 |c GP 
110 |a ILGA Europe 
245 |a Standing stronger  |b Building on achievements Progressing towards equality Strategic Plan 2011-2013 
260 |a Bruxelles  |b ILGA Europe  |c 2010 
942 |2 ddc  |c BK  |n 0 
952 |0 0  |1 0  |2 ddc  |4 0  |6 306_766000000000000_ILG  |7 1  |9 1318  |a RM  |b RM  |d 2024-05-29  |l 0  |o 306.766 ILG  |p 125  |r 2024-05-29 18:02:55  |w 2024-05-29  |y BK 
999 |c 1214  |d 1214